| 000 | 01180nam a22003017a 4500 | ||
|---|---|---|---|
| 001 | 002356 | ||
| 003 | DO-SdBNP | ||
| 005 | 20180312113751.0 | ||
| 007 | 002356 | ||
| 008 | 160511b 2014 dr ||||| |||| 00| 0 spa d | ||
| 020 | _a9789945118698 | ||
| 040 |
_aBPMSU _bspa _cBPMSU |
||
| 082 | 0 | 4 |
_a372.372 _bS456e 3ro 2014 |
| 245 |
_aEducación afectiva y sexual 3: _beducación primaria / _hÁngela Segura ... [et. al.]; derección editorial Claudia Llibre ; ilustración Ruddy Núñez ... [et. al.] |
||
| 260 |
_aSanto Domingo : _bSantillana, _c2014 |
||
| 300 |
_a63 p. : _bil. ; _c29 cm. |
||
| 490 | _aTodos juntos | ||
| 500 | _aEste libro ha sido realizado de conformidad con el curriculum vigente y ha sido sometido a la aprobación del MINERD | ||
| 505 |
_tEl valor del cuerpo -- _tLa reproducción humana -- _tCrecemos y cambiamos -- _tMi familia y mis amigos -- |
||
| 700 | 1 |
_aSegura, Ángela _eed. |
|
| 700 | 1 |
_aNúñez, Ruddy _eil. |
|
| 700 | 1 |
_aLlibre,Claudia _eed. |
|
| 830 | _aTodos juntos | ||
| 910 | _aValidado. Control de calidad MFF | ||
| 942 |
_2ddc _cBK |
||
| 945 | _aRemanejada para la BNPHU 2018 / BT | ||
| 956 |
_2VMATEO _310 _620160511 _8BPMSU _a0069 |
||
| 999 |
_c10102 _d10102 |
||